La escuela cotidiana
Gespeichert in:
| 1. Verfasser: | |
|---|---|
| Format: | Buch |
| Sprache: | Spanisch |
| Veröffentlicht: |
Ciudad de México
Fondo de Cultura Económica
1995
|
| Schriftenreihe: | Sección de Obras de Educación y Pedagogía
|
| Schlagworte: | |
| Tags: |
Tag hinzufügen
Keine Tags, Fügen Sie den ersten Tag hinzu!
|
MARC
| LEADER | 00000nam a2200000 a 4500 | ||
|---|---|---|---|
| 001 | UCQ7276 | ||
| 003 | CL-VaPUC | ||
| 008 | 981107e19950000MX |||||||||||||||||spa|d | ||
| 020 | |a 9681645243 | ||
| 082 | 0 | 4 | |a 370.78 |b ROC |2 21 |
| 100 | 0 | |a Rockwell, Elsie |e author |9 421126 | |
| 245 | 1 | 3 | |a La escuela cotidiana |
| 300 | |a 238 p | ||
| 942 | |c BK | ||
| 945 | |d 19981107 00:00:00 |a aarredon | ||
| 260 | |a Ciudad de México |b Fondo de Cultura Económica |c 1995 | ||
| 650 | 0 | |a Investigación educacional |9 261192 | |
| 650 | 0 | |a Profesores |9 308968 | |
| 650 | 0 | |a Alumnos |9 335074 | |
| 583 | |a last modification |c 19981107 00:00:00 |k Rodrigo Vera | ||
| 490 | 0 | |a Sección de Obras de Educación y Pedagogía | |
| 999 | |c 276993 |d 276991 | ||
| 952 | |0 0 |1 0 |4 0 |6 370_780000000000000_ROC_1995 |7 0 |8 A |9 314660 |a BIBEDU |b BIBEDU |d 2019-11-20 |i 3478963 |o 370.78 ROC 1995 |p 3478963 |r 2019-11-20 |w 2019-11-20 |y BK |k BME | ||
| 952 | |0 0 |1 0 |4 0 |6 370_780000000000000_ROC_1995 |7 0 |8 A |9 314661 |a BIBEDU |b BIBEDU |d 2019-11-20 |i 3986640 |o 370.78 ROC 1995 |p 3986640 |r 2019-11-20 |w 2019-11-20 |y BK |k PAR | ||
| 952 | |0 0 |1 0 |4 0 |6 370_780000000000000_ROC_1995 |7 0 |8 A |9 314662 |a BIBGIM |b BIBGIM |d 2019-11-20 |i 4087089 |o 370.78 ROC 1995 |p 4087089 |r 2025-01-15 |w 2019-11-20 |y BK |k SSL | ||
| 952 | |0 0 |1 0 |4 0 |6 370_780000000000000_ROC_1995 |7 0 |8 A |9 314663 |a BIBEDU |b BIBEDU |d 2019-11-20 |i 4206525 |o 370.78 ROC 1995 |p 4206525 |r 2019-11-20 |w 2019-11-20 |y BK |k EBA | ||
| 952 | |0 0 |1 0 |4 0 |6 370_780000000000000_ROC_1995 |7 0 |8 A |9 314664 |a BIBCUR |b BIBCUR |d 2019-11-20 |i 3478955 |o 370.78 ROC 1995 |p 3478955 |r 2025-04-22 |w 2019-11-20 |y BK |k BCB | ||